书目信息 |
| 题名: |
顾问官
|
|
| 作者: | 沈从文 著 | |
| 分册: | ||
| 出版信息: | 长沙 岳麓书社 1992 |
|
| 页数: | 255页 | |
| 开本: | 19cm | |
| 丛书名: | 沈从文别集 | |
| 单 册: | ||
| 中图分类: | I217.02 , I246.7 , I211 | |
| 科图分类: | ||
| 主题词: | 短篇小说--中国--现代--选集 , 短篇小说 | |
| 电子资源: | ||
| ISBN: | 7-80665-191-8 | |
| 000 | 00853oam2 2200313 450 | |
| 001 | 1561433728 | |
| 005 | 20150128170423.20 | |
| 010 | @a7-80665-191-8@dCNY6.50 | |
| 010 | @a7-80520-330-X | |
| 100 | @a20020905e20021992em y0chiy0110 ea | |
| 101 | 0 | @achi |
| 102 | @aCN@b430000 | |
| 105 | @ay z 000ay | |
| 200 | 1 | @a顾问官@9gu wen guan@f沈从文著 |
| 210 | @a长沙@c岳麓书社@d1992@h2002 | |
| 215 | @a255页@d19cm | |
| 225 | 2 | @a沈从文别集 |
| 330 | @a本集包括:《大小阮》、《宋代表》、《传事兵》等18篇作品。 | |
| 461 | 0 | @12001 @a沈从文别集 |
| 600 | 0 | @a沈从文@j选集 |
| 600 | 0 | @2CT@3S904629@a沈从文 |
| 606 | 0 | @a短篇小说@y中国@z现代@j选集 |
| 606 | 0 | @a短篇小说 |
| 690 | @aI217.02@v5 | |
| 690 | @aI246.7@v5 | |
| 690 | @aI211@v4 | |
| 701 | 0 | @a沈从文@9shen cong wen@4著 |
| 801 | 0 | @aCN@bTSSF@c20150128 |
| 905 | @aZUCC@dI211@eJY175:15 | |
| 顾问官/沈从文著.-长沙:岳麓书社,1992(2002) |
| 255页;19cm.-(沈从文别集) |
| ISBN 7-80665-191-8:CNY6.50 |
| 本集包括:《大小阮》、《宋代表》、《传事兵》等18篇作品。 |
| ● |
| 相关链接 |
|
|
|
|
正题名:顾问官
索取号:I211/JY175:15
 
预约/预借
| 序号 | 登录号 | 条形码 | 馆藏地/架位号 | 状态 | 备注 |
| 1 | 7837821 | 278378211 | 学院路分馆/ [索取号:I211/JY175:15] | 在馆 |